[Event "DVM U16w 2021"]
[Site "Berlin GER"]
[Date "2022.05.01"]
[Round "3"]
[White "Racky, Selina"]
[Black "Kanno, Clara Yumi"]
[Result "1-0"]
[Termination "normal"]
[Board "6.1"]
[WhiteElo "1409"]
[BlackElo "1141"]
[WhiteClock "00:23:26"]
[BlackClock "00:36:02"]
[WhiteTeam "SC Borussia Lichtenberg"]
[BlackTeam "Schachfreunde Essen-Werden 1924/80 e. V."]
[PlyCount "69"]
[WhiteFideId "16239440"]
[BlackFideId "16259661"]
[EventCountry "GER"]
[EventRounds "7"]
[EventType "team-swiss"]
[EventDate "2022.04.29"]

1. e4 {[%clk 1:30:57]} c5 {[%clk 1:30:50]} 2. Nf3 {[%clk 1:31:22]} d6 {[%clk
1:31:14]} 3. Nc3 {[%clk 1:29:45]} a6 {[%clk 1:31:07]} 4. d4 {[%clk 1:29:39]}
cxd4 {[%clk 1:31:29]} 5. Nxd4 {[%clk 1:30:07]} Nf6 {[%clk 1:31:37]} 6. a3
{[%clk 1:29:16]} e6 {[%clk 1:31:13]} 7. Be3 {[%clk 1:28:07]} Be7 {[%clk
1:29:24]} 8. Bd3 {[%clk 1:26:34]} b5 {[%clk 1:26:52]} 9. O-O {[%clk 1:21:22]}
Bb7 {[%clk 1:25:40]} 10. h3 {[%clk 1:11:35]} O-O {[%clk 1:23:09]} 11. Re1
{[%clk 1:08:29]} Qc7 {[%clk 1:21:27]} 12. Qe2 {[%clk 1:05:19]} Nc6 {[%clk
1:18:00]} 13. Nxc6 {[%clk 0:57:48]} Bxc6 {[%clk 1:17:51]} 14. Bg5 {[%clk
0:57:16]} Rfe8 {[%clk 1:14:58]} 15. Rad1 {[%clk 0:53:22]} Rac8 {[%clk 1:08:56]}
16. Qe3 {[%clk 0:47:47]} Bb7 {[%clk 1:02:16]} 17. Ne2 {[%clk 0:41:54]} h6
{[%clk 0:56:02]} 18. Bh4 {[%clk 0:42:11]} Nxe4 {[%clk 0:43:26]} 19. Bxe7 {[%clk
0:40:16]} Nxf2 {[%clk 0:42:53]} 20. Bxd6 {[%clk 0:39:55]} Nxd1 {[%clk 0:43:03]}
21. Rxd1 {[%clk 0:39:22]} Qc6 {[%clk 0:42:32]} 22. Qg3 {[%clk 0:39:38]} Red8
{[%clk 0:40:49]} 23. Be5 {[%clk 0:39:50]} g5 {[%clk 0:40:28]} 24. h4 {[%clk
0:39:31]} Qc5+ {[%clk 0:37:54]} 25. Kh2 {[%clk 0:37:04]} Be4 {[%clk 0:36:44]}
26. Bf6 {[%clk 0:26:49]} Rd5 {[%clk 0:35:54]} 27. Nc3 {[%clk 0:26:47]} Bxd3
{[%clk 0:35:44]} 28. Nxd5 {[%clk 0:26:40]} Qxd5 {[%clk 0:35:21]} 29. Rxd3
{[%clk 0:25:50]} Qf5 {[%clk 0:35:33]} 30. hxg5 {[%clk 0:25:57]} hxg5 {[%clk
0:34:56]} 31. Qxg5+ {[%clk 0:21:44]} Qxg5 {[%clk 0:35:18]} 32. Bxg5 {[%clk
0:22:10]} Rxc2 {[%clk 0:35:39]} 33. Bf6 {[%clk 0:22:34]} Rc6 {[%clk 0:35:52]}
34. Rh3 {[%clk 0:22:58]} Kf8 {[%clk 0:36:02]} 35. Rh8# {[%clk 0:23:26]} 1-0

[Event "DVM U16w 2021"]
[Site "Berlin GER"]
[Date "2022.05.01"]
[Round "3"]
[White "Symanski, Linda"]
[Black "Berghold, Lotta"]
[Result "1-0"]
[Termination "normal"]
[Board "6.2"]
[WhiteElo "1090"]
[BlackElo "1482"]
[WhiteClock "00:15:01"]
[BlackClock "00:11:18"]
[WhiteTeam "Schachfreunde Essen-Werden 1924/80 e. V."]
[BlackTeam "SC Borussia Lichtenberg"]
[PlyCount "54"]
[WhiteFideId "16284534"]
[BlackFideId "16243463"]
[EventCountry "GER"]
[EventRounds "7"]
[EventType "team-swiss"]
[EventDate "2022.04.29"]

1. d4 d6 {[%clk 1:30:53]} 2. c4 {[%clk 1:31:23]} Nf6 {[%clk 1:31:14]} 3. Nc3
{[%clk 1:31:37]} g6 {[%clk 1:31:32]} 4. Bg5 {[%clk 1:30:47]} Bg7 {[%clk
1:31:53]} 5. e3 {[%clk 1:30:43]} O-O {[%clk 1:32:09]} 6. Bd3 {[%clk 1:30:04]}
Nbd7 {[%clk 1:26:20]} 7. Nge2 {[%clk 1:28:13]} Re8 {[%clk 1:19:48]} 8. Qc2
{[%clk 1:19:20]} e5 {[%clk 1:12:11]} 9. O-O {[%clk 1:15:56]} c6 {[%clk
1:09:18]} 10. Rad1 {[%clk 1:12:47]} Qc7 {[%clk 1:04:59]} 11. Rfe1 {[%clk
1:04:17]} exd4 {[%clk 0:43:52]} 12. Nxd4 {[%clk 0:59:48]} Nc5 {[%clk 0:33:58]}
13. Be2 {[%clk 0:42:55]} Ne6 {[%clk 0:21:39]} 14. Nxe6 {[%clk 0:40:48]} Bxe6
{[%clk 0:22:03]} 15. Bf4 {[%clk 0:40:10]} Bf8 {[%clk 0:21:33]} 16. f3 {[%clk
0:35:14]} Nh5 {[%clk 0:16:59]} 17. Bg5 {[%clk 0:31:32]} Be7 {[%clk 0:17:03]}
18. Bh6 {[%clk 0:28:28]} Bf8 {[%clk 0:16:06]} 19. Bxf8 {[%clk 0:28:39]} Rxf8
{[%clk 0:16:31]} 20. Ne4 {[%clk 0:26:30]} Bf5 {[%clk 0:16:28]} 21. Rd2 {[%clk
0:18:46]} Rfe8 {[%clk 0:14:36]} 22. Bd3 {[%clk 0:18:12]} Bxe4 {[%clk 0:14:43]}
23. Bxe4 {[%clk 0:18:37]} Nf6 {[%clk 0:14:37]} 24. Bd3 {[%clk 0:18:27]} d5
{[%clk 0:12:42]} 25. cxd5 {[%clk 0:17:05]} Nxd5 {[%clk 0:13:07]} 26. Qc5 {[%clk
0:14:55]} b6 {[%clk 0:11:43]} 27. Qd4 {[%clk 0:15:01]} Rad8 {[%clk 0:11:18]} *

[Event "DVM U16w 2021"]
[Site "Berlin GER"]
[Date "2022.05.01"]
[Round "3"]
[White "Hafermann, Lara"]
[Black "Kaufmann, Victoria"]
[Result "1-0"]
[Termination "normal"]
[Board "6.3"]
[WhiteElo "1384"]
[BlackElo "992"]
[WhiteClock "01:08:33"]
[BlackClock "01:14:03"]
[WhiteTeam "SC Borussia Lichtenberg"]
[BlackTeam "Schachfreunde Essen-Werden 1924/80 e. V."]
[PlyCount "51"]
[WhiteFideId "16298306"]
[BlackFideId "16259700"]
[EventCountry "GER"]
[EventRounds "7"]
[EventType "team-swiss"]
[EventDate "2022.04.29"]

1. Nf3 {[%clk 1:30:43]} d6 {[%clk 1:30:49]} 2. g3 {[%clk 1:31:07]} Nf6 {[%clk
1:31:09]} 3. Bg2 {[%clk 1:31:29]} g6 {[%clk 1:31:30]} 4. O-O {[%clk 1:31:50]}
Bg7 {[%clk 1:31:55]} 5. d3 {[%clk 1:31:53]} O-O {[%clk 1:32:15]} 6. Nbd2 {[%clk
1:32:06]} e5 {[%clk 1:32:23]} 7. c4 {[%clk 1:30:39]} Nbd7 {[%clk 1:32:10]} 8.
b3 {[%clk 1:28:55]} d5 {[%clk 1:31:22]} 9. e3 {[%clk 1:25:28]} e4 {[%clk
1:31:14]} 10. Ne1 {[%clk 1:24:28]} Nc5 {[%clk 1:29:13]} 11. Ba3 {[%clk
1:21:48]} b6 {[%clk 1:27:56]} 12. d4 {[%clk 1:22:08]} Bg4 {[%clk 1:27:51]} 13.
f3 {[%clk 1:19:47]} exf3 {[%clk 1:26:54]} 14. Ndxf3 {[%clk 1:17:16]} Re8 {[%clk
1:26:52]} 15. dxc5 {[%clk 1:17:10]} Rxe3 {[%clk 1:27:00]} 16. Qd2 {[%clk
1:16:40]} Qe7 {[%clk 1:27:05]} 17. cxb6 {[%clk 1:16:05]} Qe6 {[%clk 1:26:14]}
18. Nd4 {[%clk 1:14:48]} Qe5 {[%clk 1:25:26]} 19. Nef3 {[%clk 1:11:06]} Qe8
{[%clk 1:24:39]} 20. cxd5 {[%clk 1:10:29]} Nxd5 {[%clk 1:23:05]} 21. bxc7
{[%clk 1:09:33]} Nxc7 {[%clk 1:22:56]} 22. Rae1 {[%clk 1:09:45]} Bh6 {[%clk
1:22:46]} 23. Qa5 {[%clk 1:08:27]} Rc8 {[%clk 1:21:49]} 24. Bc1 {[%clk
1:08:37]} Bxf3 {[%clk 1:19:21]} 25. Nxf3 {[%clk 1:08:22]} Na8 {[%clk 1:14:03]}
26. Bxe3 {[%clk 1:08:33]} 1-0

[Event "DVM U16w 2021"]
[Site "Berlin GER"]
[Date "2022.05.01"]
[Round "3"]
[White "Ponomarev, Christina"]
[Black "Gröschel, Karoline"]
[Result "0-1"]
[Termination "normal"]
[Board "7.1"]
[WhiteElo "1010"]
[BlackElo "1645"]
[WhiteTeam "SV Aalen-Ellwangen e.V."]
[BlackTeam "SK Landau"]
[PlyCount "102"]
[WhiteFideId "16284208"]
[BlackFideId "34610537"]
[EventCountry "GER"]
[EventRounds "7"]
[EventType "team-swiss"]
[EventDate "2022.04.29"]

1. e4 c5 2. Nc3 e6 3. Nf3 a6 4. a3 Qc7 5. Bc4 b5 6. Be2 Nc6 7. d4 cxd4 8. Nxd4
Bb7 9. Bf3 Nf6 10. b4 Nxb4 11. Bb2 Nc6 12. O-O Ne5 13. Nde2 Nxf3+ 14. gxf3 Bd6
15. h3 O-O 16. Qd2 Be5 17. Rab1 d5 18. Qg5 h6 19. Qg2 d4 20. Nxd4 Rfd8 21. Nce2
Kh8 22. f4 Bxe4 23. f3 Bxd4+ 24. Nxd4 Bb7 25. Rfd1 Qxf4 26. Ne2 Qxf3 27. Qxf3
Bxf3 28. Kf2 Be4 29. Rxd8+ Rxd8 30. Rc1 Rd2 31. Bxf6 gxf6 32. Ke3 Rxc2 33. Kxe4
Rxe2+ 34. Kf3 Rd2 35. Rc3 Kg7 36. Ke3 Rh2 37. Kf4 f5 38. Ke5 Rd2 39. Rg3+ Kf8
40. Kf6 f4 41. Rg7 Rd7 42. Rg4 f3 43. Rf4 Rd5 44. Rxf3 Rf5+ 45. Rxf5 exf5 46.
Kxf5 Ke7 47. Ke5 f6+ 48. Kf5 Kf7 49. h4 h5 50. Ke4 Ke6 51. Kf4 a5  0-1

[Event "DVM U16w 2021"]
[Site "Berlin GER"]
[Date "2022.05.01"]
[Round "3"]
[White "Lang, Elli"]
[Black "Buryak, Taissia"]
[Result "1-0"]
[Termination "normal"]
[Board "7.4"]
[WhiteElo "1005"]
[BlackElo "961"]
[WhiteTeam "SK Landau"]
[BlackTeam "SV Aalen-Ellwangen e.V."]
[PlyCount "89"]
[WhiteFideId "34620630"]
[BlackFideId "16284194"]
[EventCountry "GER"]
[EventRounds "7"]
[EventType "team-swiss"]
[EventDate "2022.04.29"]

1. d4 d5 2. c4 dxc4 3. Nc3 e6 4. e3 Nf6 5. Bxc4 Bb4 6. Bd2 Bxc3 7. Bxc3 b6 8.
Nf3 Bb7 9. O-O O-O 10. Bb4 c5 11. dxc5 Qxd1 12. Rfxd1 bxc5 13. Bxc5 Rc8 14. Ba3
Bxf3 15. gxf3 Nc6 16. Rac1 Ne5 17. Be2 Rxc1 18. Rxc1 h6 19. Bd6 Ng6 20. f4 Rd8
21. Rd1 Ne4 22. Be5 Rc8 23. f3 Nxe5 24. fxe5 Ng5 25. a3 Rc2 26. Rd8+ Kh7 27.
Bd3+ g6 28. Bxc2 Nxf3+ 29. Kf2 Nxe5 30. b4 Ng4+ 31. Ke2 Nxh2 32. Rd7 Kg7 33.
Rxa7 Ng4 34. b5 Ne5 35. Rc7 Ng4 36. b6 Nf6 37. b7 Kg8 38. b8=Q+ Kg7 39. Qb4 Nd5
40. Qd4+ Nf6 41. Bb3 h5 42. Bxe6 Kf8 43. Rxf7+ Ke8 44. Qxf6 g5 45. Qe7#  1-0

[Event "DVM U16w 2021"]
[Site "Berlin GER"]
[Date "2022.05.01"]
[Round "3"]
[White "Jacobasch, Ronja"]
[Black "Trunz, Michelle"]
[Result "1-0"]
[Termination "normal"]
[Board "8.1"]
[WhiteElo "1441"]
[BlackElo "1708"]
[WhiteTeam "Schachgemeinschaft Leipzig"]
[BlackTeam "Schachgemeinschaft Porz e. V. 2"]
[PlyCount "131"]
[WhiteFideId "34604340"]
[BlackFideId "16227980"]
[EventCountry "GER"]
[EventRounds "7"]
[EventType "team-swiss"]
[EventDate "2022.04.29"]

1. Nf3 d5 2. g3 c5 3. Bg2 Nc6 4. O-O Nf6 5. d3 e6 6. Nbd2 Bd6 7. e4 O-O 8. Re1
Qc7 9. c3 b6 10. Nf1 dxe4 11. dxe4 Bb7 12. Qc2 Rad8 13. Bg5 Be7 14. Rad1 Rxd1
15. Qxd1 Na5 16. N1d2 Rd8 17. Bf4 Qc8 18. Qc2 Qa8 19. b3 Ba6 20. c4 Nc6 21. a3
Bb7 22. Be5 { (=)}  22... Nd7 23. Bb2 e5 24. Nf1 Nd4 25. Nxd4 exd4 26. f4 a6
27. e5 Bxg2 28. Qxg2 Qxg2+ 29. Kxg2 Nb8 30. Nd2 Nc6 31. Rd1 f6 32. exf6 Bxf6
33. Re1 Kf7 34. Kf2 g5 35. fxg5 Bxg5 36. Rf1 Ke6 37. Ke2 Bxd2 38. Kxd2 Na5 39.
Kc2 Rd7 40. Bc1 b5 41. Bd2 Nc6 42. Re1+ { (=)}  42... Kf5 43. Bf4 d3+ 44. Kc3
b4+ 45. axb4 cxb4+ 46. Kb2 Re7 47. Rxe7 Nxe7 48. h4 Ke4 49. Kc1 Nc6 50. Bd2 a5
51. g4 Nd4 52. Kb2 Kf3 53. g5 Ke2 54. Bc1 d2 55. Bxd2 Kxd2 56. h5 Kd3 57. g6
hxg6 58. h6 g5 59. h7 g4 60. h8=Q Ke4 61. Qh1+ Kf4 62. Qh2+ Kf3 63. Qg1 Ne2 64.
Qf1+ Ke3 65. Qg2 g3 66. c5  1-0

[Event "DVM U16w 2021"]
[Site "Berlin GER"]
[Date "2022.05.01"]
[Round "3"]
[White "Siegel, Irene"]
[Black "Halas, Neele Zoe"]
[Result "0-1"]
[Termination "normal"]
[Board "8.2"]
[WhiteElo "1263"]
[BlackElo "1422"]
[WhiteTeam "Schachgemeinschaft Porz e. V. 2"]
[BlackTeam "Schachgemeinschaft Leipzig"]
[PlyCount "48"]
[WhiteFideId "16284380"]
[BlackFideId "16287282"]
[EventCountry "GER"]
[EventRounds "7"]
[EventType "team-swiss"]
[EventDate "2022.04.29"]

1. e4 e5 2. Nf3 Nc6 3. Bc4 Bc5 4. c3 Nf6 5. d4 exd4 6. cxd4 Bb4+ 7. Bd2 Bxd2+
8. Nbxd2 d5 9. exd5 Nxd5 10. Qe2+ Nce7 11. O-O O-O 12. Rfe1 Ng6 13. Ne4 Nb6 14.
Bb3 Bf5 15. Qe3 Nd5 16. Bxd5 Qxd5 17. Nfd2 Rad8 18. Nb3 Rfe8 19. Rac1 c5 20.
Rxc5 Qd7 21. Qc1 Be6 22. Ned2 Nf4 23. Ne4 Nd3 24. Qg5 Qe7  0-1

[Event "DVM U16w 2021"]
[Site "Berlin GER"]
[Date "2022.05.01"]
[Round "3"]
[White "Amelang, Jamie Alice"]
[Black "Popovidou, Laura"]
[Result "1-0"]
[Termination "normal"]
[Board "8.3"]
[WhiteElo "1080"]
[BlackElo "1090"]
[WhiteTeam "Schachgemeinschaft Leipzig"]
[BlackTeam "Schachgemeinschaft Porz e. V. 2"]
[PlyCount "53"]
[WhiteFideId "34605754"]
[BlackFideId "16255836"]
[EventCountry "GER"]
[EventRounds "7"]
[EventType "team-swiss"]
[EventDate "2022.04.29"]

1. e4 e5 2. Bc4 Nc6 3. Nf3 Bc5 4. O-O Nf6 5. d3 h6 6. h3 d6 7. c3 Bb6 8. a4 d5
9. exd5 Nxd5 10. Re1 Qd6 11. d4 Nde7 12. Be3 O-O 13. Nbd2 Nf5 14. Ne4 Qg6 15.
Bd3 exd4 16. cxd4 Ncxd4 17. Ne5 Qe6 18. Bf4 f6 19. Bc4 fxe5 20. Bxe6+ Nxe6 21.
Bxe5 Rd8 22. Qb3 Kh7 23. Red1 Re8 24. a5 Ned4 25. Qf7 Re7 26. Nf6+ Kh8 27. Qg8#
 1-0

[Event "DVM U16w 2021"]
[Site "Berlin GER"]
[Date "2022.05.01"]
[Round "3"]
[White "Brinkmann, Tamina"]
[Black "Bacakova, Klara"]
[Result "0-1"]
[Termination "normal"]
[Board "8.4"]
[WhiteElo "941"]
[BlackElo "1128"]
[WhiteTeam "Schachgemeinschaft Porz e. V. 2"]
[BlackTeam "Schachgemeinschaft Leipzig"]
[PlyCount "94"]
[WhiteFideId "16284437"]
[BlackFideId "34605762"]
[EventCountry "GER"]
[EventRounds "7"]
[EventType "team-swiss"]
[EventDate "2022.04.29"]

1. e4 c5 2. c3 e6 3. d4 cxd4 4. cxd4 d5 5. e5 a6 6. Nf3 Nc6 7. Bd3 Bb4+ 8. Bd2
Nge7 9. O-O O-O 10. Nc3 Bd7 11. a3 Bxc3 12. Bxc3 Rc8 13. Qd2 b5 14. Rfc1 h6 15.
b4 a5 16. bxa5 Nxa5 17. Bxa5 Qe8 18. Rab1 Ra8 19. Rc5 f6 20. Bxb5 Qg6 21. Rb3
Bxb5 22. Rcxb5 Rac8 23. Rc3 Rb8 24. a4 Rxb5 25. axb5 Qb1+ 26. Rc1 Qxb5 27. Qb4
Qe8 28. Nd2 Nf5 29. g4 Qg6 30. h3 fxe5 31. dxe5 Nh4 32. f4 Nf5 33. Kf2 Nh4 34.
Ke3 Ng2+ 35. Kd4 Rxf4+ 36. Kc5 Rxb4 37. Kxb4 Qg5 38. Rc8+ Kf7 39. Nf3 Qf4+ 40.
Kb5 Qxf3 41. Bb4 Qd3+ 42. Ka5 Qe4 43. Ka4 Ne3 44. Kb5 Qd3+ 45. Kc5 Qc2+ 46. Kd4
Qxc8 47. Kxe3 Qc1+  0-1

[Event "DVM U16w 2021"]
[Site "Berlin GER"]
[Date "2022.05.01"]
[Round "3"]
[White "Reddi, Bhuvana"]
[Black "Thiele, Lea-Marie"]
[Result "1-0"]
[Termination "normal"]
[Board "9.1"]
[WhiteElo "1404"]
[BlackElo "1243"]
[WhiteTeam "SC Weisse Dame e.V."]
[BlackTeam "SK Lehrte von 1919 e. V."]
[PlyCount "27"]
[WhiteFideId "16287002"]
[BlackFideId "16298616"]
[EventCountry "GER"]
[EventRounds "7"]
[EventType "team-swiss"]
[EventDate "2022.04.29"]

1. e4 e6 2. d4 d5 3. Nc3 Nf6 4. Bg5 c6 5. e5 h6 6. Bh4 g5 7. Bg3 Nfd7 8. h4 Bg7
9. Qg4 c5 10. Nb5 cxd4 11. Nd6+ Kf8 12. Qh5 Kg8 13. Qxf7+ Kh7 14. Bd3#  1-0

[Event "DVM U16w 2021"]
[Site "Berlin GER"]
[Date "2022.05.01"]
[Round "3"]
[White "Stelter, Finja"]
[Black "Fayngold, Sophie"]
[Result "1-0"]
[Termination "normal"]
[Board "9.2"]
[WhiteElo "1416"]
[BlackElo "1222"]
[WhiteTeam "SK Lehrte von 1919 e. V."]
[BlackTeam "SC Weisse Dame e.V."]
[PlyCount "87"]
[WhiteFideId "16298624"]
[BlackFideId "16244761"]
[EventCountry "GER"]
[EventRounds "7"]
[EventType "team-swiss"]
[EventDate "2022.04.29"]

1. e4 e5 2. Nf3 Nc6 3. Bc4 Bc5 4. b4 Bxb4 5. c3 Ba5 6. d4 exd4 7. Qb3 Qe7 8.
O-O dxc3 9. Nxc3 d6 10. Bd2 Nf6 11. Nd5 Qd8 12. Bb5 Bxd2 13. Nxd2 Bd7 14. Qc3
Nxd5 15. exd5 Ne7 16. Bxd7+ Qxd7 17. Qxg7 Rg8 18. Qd4 Qf5 19. Rfe1 Kd7 20. Ne4
Rg6 21. Ng3 Qg5 22. h4 Qg4 23. Re4 h5 24. Rxg4 Rxg4 25. Qf6 Rg6 26. Qxf7 Re8
27. Re1 Rgg8 28. Rxe7+ Rxe7 29. Qxg8 Re1+ 30. Kh2 Re8 31. Qf7+ Kd8 32. Qxh5 Re5
33. Qf7 Re7 34. Qf6 Ke8 35. Nf5 Rf7 36. Qe6+ Kd8 37. h5 b5 38. Qxf7 Kc8 39.
Qe8+ Kb7 40. Qc6+ Kb8 41. h6 a5 42. h7 a4 43. h8=R+ Ka7 44. Ra8#  1-0

[Event "DVM U16w 2021"]
[Site "Berlin GER"]
[Date "2022.05.01"]
[Round "3"]
[White "Grigoryan, Nare"]
[Black "Daoud, Shahnaz"]
[Result "1-0"]
[Termination "normal"]
[Board "9.3"]
[WhiteElo "1363"]
[BlackElo "1367"]
[WhiteTeam "SC Weisse Dame e.V."]
[BlackTeam "SK Lehrte von 1919 e. V."]
[PlyCount "71"]
[WhiteFideId "34620702"]
[BlackFideId "16297750"]
[EventCountry "GER"]
[EventRounds "7"]
[EventType "team-swiss"]
[EventDate "2022.04.29"]

1. e4 e5 2. Nf3 Nc6 3. Nc3 Nf6 4. d4 exd4 5. Nxd4 Bc5 6. Nxc6 dxc6 7. Qxd8+
Kxd8 8. Bg5 Be7 9. O-O-O+ Ke8 10. f3 Be6 11. Be3 Rd8 12. Be2 c5 13. h3 h6 14.
f4 g6 15. Rxd8+ Kxd8 16. e5 Nd5 17. Rd1 c6 18. Bc4 Kc7 19. Nxd5+ cxd5 20. Bxd5
Rd8 21. Bxe6 Rxd1+ 22. Kxd1 fxe6 23. c4 g5 24. Ke2 Kd8 25. Kf3 gxf4 26. Bxf4 h5
27. g4 hxg4+ 28. Kxg4 Ke8 29. Bg5 Bf8 30. Bf6 Kf7 31. Kg5 Bg7 32. Bxg7 Kxg7 33.
h4 a6 34. h5 Kf7 35. h6 Kg8 36. Kf6  1-0

[Event "DVM U16w 2021"]
[Site "Berlin GER"]
[Date "2022.05.01"]
[Round "4"]
[White "Dietz, Kristin"]
[Black "Fischer, Darja"]
[Result "1-0"]
[Termination "normal"]
[Board "1.1"]
[WhiteElo "1707"]
[BlackElo "1675"]
[WhiteClock "00:13:11"]
[BlackClock "00:26:31"]
[WhiteTeam "USV Halle"]
[BlackTeam "Karlsruher SF 1853"]
[PlyCount "102"]
[WhiteFideId "12993743"]
[BlackFideId "16240898"]
[EventCountry "GER"]
[EventRounds "7"]
[EventType "team-swiss"]
[EventDate "2022.04.29"]

1. e4 {[%clk 1:30:59]} d5 {[%clk 1:30:55]} 2. exd5 {[%clk 1:31:25]} Qxd5 {[%clk
1:31:21]} 3. Nc3 {[%clk 1:31:48]} Qd6 {[%clk 1:31:46]} 4. d4 {[%clk 1:32:08]}
Nf6 {[%clk 1:32:08]} 5. Nf3 {[%clk 1:32:24]} a6 {[%clk 1:32:24]} 6. h3 {[%clk
1:31:22]} Bf5 {[%clk 1:32:23]} 7. Ne5 {[%clk 1:29:10]} Nc6 {[%clk 1:30:44]} 8.
Nxc6 {[%clk 1:22:47]} Qxc6 {[%clk 1:31:05]} 9. Be2 {[%clk 1:14:19]} Qd7 {[%clk
1:21:15]} 10. Bf3 {[%clk 1:13:02]} c6 {[%clk 1:20:35]} 11. O-O {[%clk 1:13:16]}
e6 {[%clk 1:20:23]} 12. Bf4 {[%clk 1:11:17]} Bd6 {[%clk 1:18:08]} 13. Qd2
{[%clk 1:10:42]} Bxf4 {[%clk 1:14:13]} 14. Qxf4 {[%clk 1:10:56]} Bxc2 {[%clk
1:14:32]} 15. Rac1 {[%clk 1:09:01]} Bg6 {[%clk 1:14:17]} 16. Na4 {[%clk
1:09:02]} Rc8 {[%clk 1:06:59]} 17. d5 {[%clk 1:00:28]} O-O {[%clk 1:00:04]} 18.
Nb6 {[%clk 0:58:47]} Qc7 {[%clk 1:00:19]} 19. Qxc7 {[%clk 0:59:13]} Rxc7 {[%clk
1:00:41]} 20. d6 {[%clk 0:58:54]} Rcc8 {[%clk 1:00:49]} 21. Nxc8 {[%clk
0:59:18]} Rxc8 {[%clk 1:01:15]} 22. Rfd1 {[%clk 0:58:32]} Rd8 {[%clk 0:59:56]}
23. a4 {[%clk 0:56:09]} Kf8 24. Bxc6 {[%clk 0:46:24]} bxc6 {[%clk 0:56:29]} 25.
Rxc6 {[%clk 0:46:37]} a5 {[%clk 0:54:09]} 26. Rdc1 {[%clk 0:45:28]} Ke8 {[%clk
0:51:31]} 27. f3 {[%clk 0:41:15]} Nd5 {[%clk 0:50:43]} 28. Ra6 {[%clk 0:38:24]}
Nb4 {[%clk 0:49:00]} 29. Rxa5 {[%clk 0:37:02]} Rxd6 {[%clk 0:48:59]} 30. Rb5
{[%clk 0:36:37]} Nd5 {[%clk 0:47:55]} 31. a5 {[%clk 0:33:18]} Ra6 {[%clk
0:47:14]} 32. b4 {[%clk 0:31:32]} Nxb4 {[%clk 0:45:29]} 33. Rxb4 {[%clk
0:31:55]} Rxa5 {[%clk 0:45:56]} 34. Rb7 {[%clk 0:29:55]} Kd8 {[%clk 0:44:32]}
35. Rd1+ {[%clk 0:25:12]} Ke8 {[%clk 0:43:56]} 36. Rd2 {[%clk 0:25:16]} Ra1+
{[%clk 0:43:08]} 37. Kf2 {[%clk 0:25:41]} Rb1 {[%clk 0:43:07]} 38. Ra7 {[%clk
0:25:05]} Rc1 {[%clk 0:42:39]} 39. Kg3 {[%clk 0:25:04]} Rc2 {[%clk 0:42:22]}
40. Rd4 {[%clk 0:25:14]} h6 {[%clk 0:40:40]} 41. Rb4 {[%clk 0:21:56]} Rc8
{[%clk 0:36:36]} 42. Kf4 {[%clk 0:22:05]} Kf8 {[%clk 0:35:08]} 43. Ke5 {[%clk
0:19:38]} Kg8 {[%clk 0:35:18]} 44. g4 {[%clk 0:19:24]} Rc3 {[%clk 0:32:27]} 45.
Rb8+ {[%clk 0:13:21]} Kh7 {[%clk 0:32:41]} 46. h4 {[%clk 0:13:17]} h5 {[%clk
0:32:10]} 47. Raa8 {[%clk 0:13:08]} Rc5+ {[%clk 0:29:45]} 48. Kd6 {[%clk
0:12:03]} Rd5+ {[%clk 0:29:57]} 49. Ke7 {[%clk 0:12:28]} Bc2 {[%clk 0:28:48]}
50. Kxf7 {[%clk 0:12:49]} Rd7+ {[%clk 0:26:04]} 51. Kxe6 {[%clk 0:13:11]} Rd3
{[%clk 0:26:31]} 1-0